| 000 | 00594nac a22001691u 4500 | ||
|---|---|---|---|
| 020 | _a0070499489 | ||
| 082 |
_a658.406 _bS1583 |
||
| 090 |
_c1118 _d1118 |
||
| 100 | _aSaiyadain, Mirza S. | ||
| 245 |
_aOrganisational behaviour / _cMirza S. Saiyadain. |
||
| 260 |
_aNew Delhi : _bTata McGraw-Hill,2003 _cc2003. |
||
| 300 |
_a326 p. : _bill. ; _c24 cm. |
||
| 500 | _aIncludes index. | ||
| 650 | _aOrganizational behavior. | ||
| 942 |
_cBB _k658.406S1583 |
||
| 999 |
_c1118 _d1118 |
||